Cold hardiness in plants: molecular genetics, cell biology and physiology
Saved in:
| Main Authors: | , , |
|---|---|
| Format: | Bog |
| Sprog: | engelsk |
| Udgivet: |
Oxford
CABI
2006
|
| Fag: | |
| Tags: |
Tilføj Tag
Ingen Tags, Vær først til at tagge denne postø!
|
MARC
| LEADER | 00000nam a2200000 a 4500 | ||
|---|---|---|---|
| 001 | UCJ0188 | ||
| 003 | CL-VaPUC | ||
| 005 | 20210909074900.0 | ||
| 008 | 060707e20060000uk 1 eng d | ||
| 020 | |a 0851990592 | ||
| 082 | 0 | 4 | |a 581.42 |b CHE |2 21 |
| 100 | 1 | |a Chen, Tony H. H |e author |9 620867 | |
| 700 | 1 | |a Uemura, M |e author |9 620868 | |
| 700 | 1 | |a Fujikawa, S |e author |9 620869 | |
| 245 | 1 | 0 | |a Cold hardiness in plants: molecular genetics, cell biology and physiology |
| 260 | |a Oxford |b CABI |c 2006 | ||
| 300 | |a 256 p | ||
| 583 | |a last modification |c 20190910 11:42:12 |k Rodrigo Vera | ||
| 650 | 0 | 0 | |a Plantas |9 264555 |
| 650 | 0 | 7 | |a RESISTENCIA |2 CL-VaPUC |9 355262 |
| 650 | 0 | 7 | |a CLIMAS FRIOS |2 CL-VaPUC |9 462581 |
| 650 | 0 | 7 | |a RESISTENCIA A LA TEMPERATURA |2 CL-VaPUC |9 620870 |
| 942 | |c BK | ||
| 945 | |a cmena |d 20060707 00:00:00 | ||
| 546 | |a En Inglés | ||
| 536 | |a Hokkaido University | ||
| 518 | |p International Plant Cold Hardiness Seminar, 7, Hokkaido, 2004 | ||
| 999 | |c 384195 |d 384193 | ||
| 952 | |0 0 |1 0 |4 0 |6 581_420000000000000_CHE_2006 |7 0 |8 A |9 506797 |a BIBAGR |b BIBAGR |d 2020-01-23 |i 4246608 |o 581.42 CHE 2006 |p 4246608 |r 2025-01-20 |w 2020-01-23 |y BK |k AGR | ||